| 000 | 01150nmc a2200361 a 4500 | ||
|---|---|---|---|
| 003 | AR-BaBNM | ||
| 005 | 20251128205854.0 | ||
| 008 | 011101s1996 ||||||||||||||000 | spa|| | ||
| 020 | _a950-687-029-2 | ||
| 040 | _cAR-BaBNM | ||
| 100 | 1 | _aOnna, Alberto F | |
| 245 | 1 | 0 |
_aBiología _bbiología molecular y biotecnología, del laboratorio a la bioindustria _n4 |
| 250 | _a1ª ed. | ||
| 260 |
_aBuenos Aires _bConicet _c1996 |
||
| 300 | 0 |
_a86 p. _bil., gráfs. |
|
| 490 | 0 | _aProciencia Conicet | |
| 500 | 0 | _aEste material forma parte del Proyecto de Biología | |
| 504 | _aBibliografía p. 85-86 | ||
| 650 | 4 | _aACTIVIDADES DE APRENDIZAJE | |
| 650 | 4 | _aBIOLOGIA MOLECULAR | |
| 650 | 4 | _aCAMBIO TECNOLOGICO | |
| 650 | 4 | _aBIOLOGIA | |
| 650 | 4 | _aCROMOSOMAS | |
| 650 | 4 | _aGENES | |
| 650 | 4 | _aFORMACION DE DOCENTES | |
| 653 | 0 | _aEDUCACION A DISTANCIA | |
| 700 | 1 | _aRosenberg, Diana C. | |
| 700 | 1 | _aTolmansky, Marcelo | |
| 710 |
_aConsejo Nacional de Investigaciones Científicas y Técnicas [Argentina] _9CONICET _bPrograma Prociencia |
||
| 710 | 2 |
_aArgentina _bMinisterio de Cultura y Educación |
|
| 942 | _cBK | ||
| 998 | _cCarmen | ||
| 999 |
_c13097 _d13097 |
||